| 000 | 01706cam a22004094a 4500 | ||
|---|---|---|---|
| 999 |
_c1930 _d1930 |
||
| 001 | 1930 | ||
| 003 | BD-JhCC | ||
| 005 | 20171026172907.0 | ||
| 008 | 051213s2006 nju b 001 0 eng | ||
| 020 | _a9780470038642 | ||
| 020 | _a0470038640 (pbk. : alk. paper) | ||
| 035 | _a(BD-JhCC)1930 | ||
| 040 |
_aDNLM/DLC _cDLC _dDLC |
||
| 041 | _aeng | ||
| 050 | 0 | 0 |
_aRA644.I6 _bS534 2006 |
| 060 | 1 | 0 |
_aWC 515 _bS571b 2006 |
| 082 | 0 | 0 |
_a614.5/18 _222 _bSIE 2006 |
| 100 | 1 |
_aSiegel, Marc _q(Marc K.) |
|
| 245 | 1 | 0 |
_aBird flu : _beverything you need to know about the next pandemic / _cMarc Siegel. |
| 260 |
_aHoboken, N.J. : _bWiley, _cc2006. |
||
| 300 |
_avi, 202 p. ; _c22 cm. |
||
| 504 | _aIncludes bibliographical references (p. 183-202) and index. | ||
| 505 | 0 | _aBird flu basics -- The history of bird flu -- Spanish flu versus swine flu -- A bird's eye view -- Tamiflu and the bird flu vaccine -- Our culture of fear -- SARS -- The other flu -- Do we know a pandemic when we see one? AIDS versus bird flu -- Perspectives. | |
| 650 | 0 | _aAvian influenza. | |
| 650 | 1 | 2 |
_aInfluenza, Human _xetiology. |
| 650 | 1 | 2 |
_aInfluenza, Human _xtransmission. |
| 650 | 2 | 2 |
_aInfluenza in Birds _xtransmission. |
| 650 | 2 | 2 | _aInfluenza Vaccines. |
| 650 | 2 | 2 | _aInfluenza A Virus, H5N1 Subtype. |
| 650 | 2 | 2 | _aDisease Outbreaks. |
| 655 | 2 | _aPopular Works. | |
| 856 | 4 | 1 |
_3Table of contents only _uhttp://www.loc.gov/catdir/toc/ecip065/2005036110.html |
| 856 | 4 | 2 |
_3Publisher description _uhttp://www.loc.gov/catdir/enhancements/fy0650/2005036110-d.html |
| 856 | 4 | 2 |
_3Contributor biographical information _uhttp://www.loc.gov/catdir/enhancements/fy0741/2005036110-b.html |
| 942 |
_2ddc _cBK |
||